000 00854njm a22002417a 4500
005 2010083009379.0
006 a|||||r|||||00| 0
007 sd ammalaaahaa
008 100830t xxu||||| |||| 00| 0 eng d
028 _aGE.3187
_bHis Master's Voice
035 _aGR-41
035 _aCEI.13370
040 _adpl
_cdpl
245 _aHindi Classical /
_cThakur, Omakarnathji
_h[sound recording] :
260 _aDum Dum, India
_bHis Master's Voice
300 _a1 sound disc [Gramaphone Recording] :
_banalog, 33 1/3 rpm
_c9.5 in.(MP)
_fGramaphone Records
500 _aBrief record
505 _aKadam ke saaya, (Pujya Pandit).
650 _aClassical music
_xExcerpts
_zIndia
_917444
700 _aPandit, Pujya
_917475
942 _2ddc
_cGR
999 _c43126
_d43126